000 nam a22 7a 4500
999 _c57904
_d57904
005 20201022091526.0
008 201022b xxu||||| |||| 00| 0 eng d
040 _aANE
041 _aEs
245 _aRecesión del libro animal y derecho
260 _c2015
300 _a4 p.
856 _uhttp://documentacion.asambleanacional.gob.ec/alfresco/d/d/workspace/SpacesStore/7f6c1be9-d6a2-458e-95b8-cc3bc26518e0/Recesi%c3%b3n%20del%20libro%20animal%20y%20derecho
942 _2ddc
_cBV
_zNr.